All Formula One Podium Sitters - Statistics

General Stats
  • This quiz has been taken 4,081 times
    2,880 since last reset
  • The average score is 79 of 216
Answer Stats
Podium Finishes Nationality Last Podium Driver % Correct
202 British 2024 Lewis Hamilton
98%
122 German 2021 Sebastian Vettel
94%
106 Spanish 2023 Fernando Alonso
91%
80 Brazilian 1993 Ayrton Senna
90%
103 Finnish 2018 Kimi Raikkonen
89%
106 French 1993 Alain Prost
86%
112 Dutch 2024 Max Verstappen
86%
155 German 2012 Michael Schumacher
86%
67 Finnish 2021 Valtteri Bottas
85%
43 Monégasque 2024 Charles Leclerc
84%
50 British 2014 Jenson Button
82%
51 Finnish 2001 Mika Hakkinen
82%
54 Austrian 1985 Niki Lauda
81%
39 Mexican 2024 Sergio Pérez
81%
27 Spanish 2024 Carlos Sainz Jr.
80%
32 Australian 2021 Daniel Ricciardo
80%
26 British 2024 Lando Norris
80%
57 German 2016 Nico Rosberg
79%
8 German 1977 Jochen Mass
77%
42 Australian 2013 Mark Webber
77%
68 Brazilian 2009 Rubens Barrichello
77%
4 French 2024 Esteban Ocon
76%
35 Argentine 1957 Juan Manuel Fangio
76%
60 Brazilian 1991 Nelson Piquet
76%
5 French 2024 Pierre Gasly
76%
41 Brazilian 2015 Felipe Massa
75%
15 British 2024 George Russell
75%
17 Finnish 1986 Keke Rosberg
73%
42 British 1998 Damon Hill
72%
59 British 1994 Nigel Mansell
72%
10 Australian 2024 Oscar Piastri
72%
27 German 2006 Ralf Schumacher
72%
62 British 2008 David Coulthard
71%
2 Dutch 1994 Jos Verstappen
69%
30 Colombian 2006 Juan-Pablo Montoya
69%
1 Danish 2014 Kevin Magnussen
69%
35 Brazilian 1980 Emerson Fittipaldi
68%
43 British 1973 Jackie Stewart
68%
23 Canadian 2001 Jacques Villeneuve
68%
3 Canadian 2020 Lance Stroll
68%
12 Polish 2010 Robert Kubica
66%
2 Thai 2020 Alexander Albon
65%
17 Italian 1953 Alberto Ascari
64%
23 British 1978 James Hunt
64%
33 South African 1979 Jody Scheckter
64%
3 Russian 2019 Daniil Kvyat
63%
13 Canadian 1982 Gilles Villeneuve
63%
31 Australian 1970 Jack Brabham
63%
1 Venezuelan 2012 Pastor Maldonado
63%
48 Austrian 1997 Gerhard Berger
62%
32 British 1968 Jim Clark
62%
27 New Zealander 1970 Bruce McLaren
61%
20 Italian 1955 Giuseppe Farina
61%
36 British 1969 Graham Hill
61%
24 Australian 1981 Alan Jones
60%
16 American 1962 Phil Hill
59%
19 Italian 2009 Giancarlo Fisichella
58%
25 Belgian 1975 Jacky Ickx
58%
33 New Zealander 1974 Denny Hulme
57%
4 Finnish 2008 Heikki Kovalainen
57%
11 Italian 2009 Jarno Trulli
57%
19 American 1982 Mario Andretti
57%
24 British 1961 Stirling Moss
57%
13 Austrian 1970 Jochen Rindt
56%
10 French 2015 Romain Grosjean
56%
45 Argentine 1982 Carlos Reutemann
54%
26 British 2002 Eddie Irvine
54%
32 French 1998 Jean Alesi
54%
1 Japanese 2012 Kamui Kobayashi
54%
18 British 1958 Mike Hawthorn
53%
18 German 2003 Heinz-Harald Frentzen
52%
24 British 1969 John Surtees
52%
37 Italian 1993 Ricardo Patrese
52%
26 Swedish 1978 Ronnie Peterson
52%
13 German 2011 Nick Heidfeld
51%
28 Swiss 1979 Clay Regazzoni
50%
1 Russian 2011 Vitaly Petrov
49%
22 French 1984 René Arnoux
47%
1 Japanese 2004 Takuma Sato
46%
5 French 1997 Olivier Panis
45%
23 Italian 1989 Michele Alboreto
43%
2 Finnish 1999 Mika Salo
43%
1 Spanish 2006 Pedro de la Rosa
43%
7 British 1999 Johnny Herbert
42%
13 French 1982 Didier Pironi
40%
7 Mexican 1971 Pedro Rodríguez
40%
15 Belgian 1990 Thierry Boutsen
40%
3 German 2009 Timo Glock
40%
32 French 1986 Jacques Laffite
39%
20 British 1983 John Watson
39%
1 American 1993 Michael Andretti
39%
3 Austrian 2007 Alexander Wurz
38%
15 Argentine 1955 José-Froilán González
38%
9 British 1995 Martin Brundle
38%
6 German 1961 Wolfgang von Trips
38%
9 Italian 1985 Elio de Angelis
37%
9 Italian 1990 Alessandro Nannini
34%
1 Brazilian 2008 Nelson Piquet Jr.
34%
5 Italian 1989 Andrea de Cesaris
33%
19 American 1967 Dan Gurney
33%
13 French 1973 François Cevert
33%
1 Portuguese 2005 Tiago Monteiro
33%
6 Brazilian 1977 Carlos Pace
32%
2 French 1980 Jean-Pierre Jabouille
32%
11 French 1985 Patrick Tambay
32%
10 British 1961 Tony Brooks
32%
12 Swedish 1989 Stefan Johansson
31%
11 New Zealander 1972 Chris Amon
30%
6 Italian 1951 Luigi Fagioli
30%
19 French 1979 Patrick Depailler
30%
9 British 1958 Peter Collins
30%
4 Swedish 1977 Gunnar Nilsson
28%
1 Finnish 1991 JJ Lehto
28%
6 Swiss 1971 Jo Siffert
28%
10 French 1960 Maurice Trintignant
28%
1 Japanese 1990 Aguri Suzuki
27%
7 Italian 1958 Luigi Musso
27%
14 American 1965 Richie Ginther
27%
1 Swedish 1959 Jo Bonnier
25%
8 Italian 1966 Lorenzo Bandini
25%
3 British 1994 Mark Blundell
25%
9 American 1989 Eddie Cheever
24%
1 Monégasque 1950 Louis Chiron
24%
8 American 1973 Peter Revson
24%
5 Italian 1955 Piero Taruffi
24%
8 French 1974 Jean-Pierre Beltoise
23%
2 American 1954 Bill Vukovich
22%
4 British 1961 Innes Ireland
22%
3 French 1979 Jean-Pierre Jarier
22%
1 Italian 1961 Giancarlo Baghetti
21%
1 Italian 1975 Vittorio Brambilla
21%
4 British 1984 Derek Warwick
20%
1 Rhodesian (Zimbabwean) 1967 John Love
20%
3 Italian 1990 Ivan Capelli
19%
1 Italian 1966 Ludovico Scarfiotti
19%
1 Italian 1994 Nicola Larini
19%
1 Brazilian 1990 Roberto Moreno
19%
3 Italian 1956 Eugenio Castellotti
18%
9 French 1958 Jean Behra
18%
1 British 1971 Peter Gethin
17%
1 Italian 1995 Gianni Morbidelli
16%
4 American 1957 Sam Hanks
16%
2 Italian 1987 Teo Fabi
16%
2 German 1977 Hans-Joachim Stuck
15%
4 American 1960 Jim Rathmann
15%
1 American 1950 Johnnie Parsons
15%
8 Italian 1953 Luigi Villoresi
15%
2 American 1960 Rodger Ward
15%
2 British 1976 Tom Pryce
15%
1 American 1952 Troy Ruttman
15%
1 American 1955 Bob Sweikert
14%
1 American 1951 Lee Wallard
14%
1 Belgian 1968 Lucien Bianchi
14%
1 Brazilian 1989 Maurício Gugelmin
14%
1 American 1956 Pat Flaherty
14%
2 Italian 1991 Stefano Modena
14%
3 American 1958 Jimmy Bryan
13%
1 Italian 1981 Bruno Giacomelli
12%
1 French 1994 Éric Bernard
12%
2 German 1955 Karl Kling
12%
2 French 1950 Louis Rosier
12%
2 British 1974 Mike Hailwood
12%
1 British 1950 Reg Parnell
12%
2 Swiss 1952 Rudi Fischer
12%
2 British 1958 Stuart Lewis-Evans
12%
3 South African 1963 Tony Maggs
12%
1 Spanish 1956 Alfonso de Portago
11%
1 German 1954 Hans Herrmann
11%
2 Belgian 1960 Olivier Gendebien
11%
2 Argentine 1954 Onofre Marimon
11%
2 American 1958 Harry Schell
10%
2 British 1966 Mike Parkes
10%
1 German 1970 Rolf Stommelen
10%
1 French 1970 Henri Pescarolo
9%
2 British 1973 Jackie Oliver
9%
1 American 1971 Mark Donohue
9%
3 American 1959 Masten Gregory
9%
1 American 1950 Mauri Rose
9%
1 Belgian 1956 Paul Frère
9%
1 French 1985 Philippe Streiff
9%
2 British 1969 Piers Courage
9%
2 British 1958 Roy Salvadori
9%
1 Belgian 1960 Willy Mairesse
9%
1 Argentine 1957 Carlos Menditeguy
8%
1 British 1950 Peter Whitehead
8%
1 Swedish 1970 Reine Wisell
8%
2 French 1954 Robert Manzon
8%
1 Australian 1971 Tim Schenken
8%
2 Italian 1955 Umberto Maglioli
8%
2 Italian 1956 Cesare Perdisa
7%
1 Italian 1950 Dorino Serafini
7%
2 Italian 1953 Felice Bonetto
7%
1 American 1973 George Follmer
7%
2 American 1954 Jack McGrath
7%
1 French 1968 Johhny Servoz-Gavin
7%
1 British 1965 Mike Spence
7%
2 British 1964 Peter Arundell
7%
1 British 1968 Richard Attwood
7%
1 American 1955 Tony Bettenhausen
7%
1 British 1962 Trevor Taylor
7%
1 American 1950 Bill Holland
6%
1 British 1968 Brian Redman
6%
1 British 1960 Cliff Allison
6%
1 American 1951 Manuel Ayulo
6%
1 British 1964 Bob Anderson
5%
1 American 1951 Mike Nazaruk
5%
1 American 1955 Paul Russo
5%
1 American 1953 Art Cross
4%
1 American 1953 Duane Carter
4%
1 American 1955 Jimmy Davies
4%
1 American 1960 Paul Goldsmith
4%
1 British 1956 Ron Flockhart
4%
1 American 1956 Don Freeland
3%
1 American 1958 George Amick
3%
1 American 1958 Johnny Boyd
3%
1 American 1959 Johnny Thomson
2%
No matching quizzes found
Score Distribution
Percent of People with Each Score
Percentile by Number Answered
Your Score History
You have not taken this quiz since the last reset